Georgian scene painters and scene painting /

Bibliographic Details
Main Author: Rosenfeld, Sybil Marion, 1903-1996
Format: Book
Language:English
Published: Cambridge [England] ; New York, N.Y. : Cambridge University Press, 1981.
Subjects:

MARC

Tag First Indicator Second Indicator Subfields
LEADER 00000cam a22000008a 4500
001 in00000079636
005 20151008053942.0
008 810106s1981 enkaf b 00110 engm
010 |a  80041549  
015 |a GB81 
020 |a 0521233399 
035 |a (OCoLC)07197302 
035 |9 AAH9163AM 
039 0 |a 2  |b 3  |c 3  |d 3  |e 3 
040 |a DLC  |c DLC  |d m.c.  |d TXA  |d UtOrBLW 
043 |a e-uk--- 
049 |a TXAM  |c [387247] 
050 0 0 |a PN2091.S8  |b R587 
082 0 |a 792/.025/0941  |2 19 
100 1 |a Rosenfeld, Sybil Marion,  |d 1903-1996. 
245 1 0 |a Georgian scene painters and scene painting /  |c Sybil Rosenfeld. 
263 |a 8203 
264 1 |a Cambridge [England] ;  |a New York, N.Y. :  |b Cambridge University Press,  |c 1981. 
300 |a xiv, 206 pages, 40 unnumbered pages of plates :  |b illustrations ;  |c 26 cm. 
336 |a text  |b txt  |2 rdacontent 
337 |a unmediated  |b n  |2 rdamedia 
338 |a volume  |b nc  |2 rdacarrier 
504 |a Includes bibliographical references and index. 
650 0 |a Theaters  |z Great Britain  |x Stage-setting and scenery. 
650 0 |a Scene painting  |z Great Britain  |x History. 
999 |a MARS 
999 f f |s 74d24d9f-c9ba-311c-83ce-60e9df87d0e6  |i 3fb4b940-486a-3a9a-885b-5c5d6254e11a  |t 0 
952 f f |p normal  |a Texas A&M University  |b College Station  |c Sterling C. Evans Library  |d Evans: Library Stacks  |t 0  |e PN2091.S8 R587  |h Library of Congress classification  |i unmediated -- volume  |m A14806178387 
998 f f |a PN2091.S8 R587  |t 0  |l Evans: Library Stacks